Generic Top Level Domains Quiz Stats

 Plays Quiz Updated May 16, 2019

Score 0/21 Timer 06:00
0 Plays Today
gTLD % Correct
.com
99.3%
.org
87.5%
.gov
79.2%
.net
75.5%
.edu
72.2%
.biz
24.9%
.info
15.8%
.mil
15.5%
.int
7.7%
.asia
5.2%
.cat
4.9%
gTLD % Correct
.mobi
4.6%
.name
4.6%
.museum
4.6%
.aero
4.3%
.tel
4.3%
.pro
3.8%
.travel
3.7%
.jobs
3.4%
.coop
3.2%
.arpa
2.9%

You're not logged in!

Compare scores with friends on all Sporcle quizzes.
OR
Log In

Sporcle TV

Today on Sporcle TV


Watch our educational content, quiz creation guides, and fun videos on Sporcle TV.

Show Comments

Extras

Top Quizzes Today


Score Distribution

Your Account Isn't Verified!

In order to create a playlist on Sporcle, you need to verify the email address you used during registration. Go to your Sporcle Settings to finish the process.

Report this User

Report this user for behavior that violates our Community Guidelines.

Details: